000 00512nam a2200157Ia 4500
008 100122s9999 xx 000 0 und d
082 _b21055
_a621.384
100 _aसोहोनी श्री वि
245 _aरेडिओ दुरूस्ती
250 _a0
260 _bसाहित्य व संस्कृती मंडळ
_c1973
300 _a519
630 _aरेडिओ दुरूस्ती
730 _aरेडिओ दुरूस्ती
942 _cBOOK
999 _c409280
_d409277